[Event "Blitz 2018"]
[Site "Saint-Petersburg"]
[Date "2018.12.29"]
[Round "7"]
[Board "53"]
[White "Motylev Alexander (RUS)"]
[Black "Rechlis Gad (ISR)"]
[Result "1-0"]
[LiveChessVersion "1.4.8"]
[BlackElo "2500"]
[WhiteElo "2609"]

1. e4 {[%clk 0:03:02]} c5 {[%clk 0:01:04]} 2. Nc3 {[%clk 0:03:02]} Nc6
{[%clk 0:01:06]} 3. Bb5 {[%clk 0:03:02]} Nd4 {[%clk 0:01:07]} 4. Bc4
{[%clk 0:03:03]} e6 {[%clk 0:01:09]} 5. Nge2 {[%clk 0:03:03]} Ne7
{[%clk 0:01:09]} 6. O-O {[%clk 0:02:59]} Nec6 {[%clk 0:01:11]} 7. a3
{[%clk 0:02:52]} Be7 {[%clk 0:01:09]} 8. Ng3 {[%clk 0:02:52]} O-O
{[%clk 0:01:10]} 9. f4 {[%clk 0:02:52]} b6 {[%clk 0:01:07]} 10. d3 Bb7 11. Kh1
{[%clk 0:02:43]} f5 {[%clk 0:00:57]} 12. Nb1 {[%clk 0:02:35]} d5 {[%clk 0:00:53]}
13. exd5 {[%clk 0:02:30]} exd5 {[%clk 0:00:54]} 14. Ba2 {[%clk 0:02:31]} Qd7
{[%clk 0:00:42]} 15. Nc3 {[%clk 0:02:31]} Nd8 {[%clk 0:00:41]} 16. Be3
{[%clk 0:02:18]} N8e6 {[%clk 0:00:38]} 17. Bg1 {[%clk 0:02:08]} Kh8
{[%clk 0:00:39]} 18. Qd2 {[%clk 0:02:09]} Rae8 {[%clk 0:00:36]} 19. Rae1
{[%clk 0:02:09]} Bd8 {[%clk 0:00:36]} 20. Nd1 {[%clk 0:02:03]} Bh4
{[%clk 0:00:30]} 21. Ne3 {[%clk 0:01:57]} Bxg3 {[%clk 0:00:27]} 22. hxg3
{[%clk 0:01:58]} Rf6 {[%clk 0:00:28]} 23. Bf2 {[%clk 0:01:51]} Rh6+
{[%clk 0:00:20]} 24. Kg1 Qf7 25. Qd1 {[%clk 0:01:52]} Nc7 {[%clk 0:00:18]} 26. c3
{[%clk 0:01:35]} Nde6 {[%clk 0:00:19]} 27. d4 {[%clk 0:01:24]} cxd4 28. cxd4 Ba6
29. Nxd5 {[%clk 0:01:16]} Nxd5 {[%clk 0:00:13]} 30. Bxd5 {[%clk 0:01:16]} Bxf1
31. Rxf1 {[%clk 0:01:15]} Qd7 {[%clk 0:00:13]} 32. Ba2 {[%clk 0:01:09]} Rd8
{[%clk 0:00:13]} 33. Re1 {[%clk 0:01:09]} Nc7 {[%clk 0:00:10]} 34. Re5
{[%clk 0:01:09]} Ne8 {[%clk 0:00:09]} 35. Qe2 {[%clk 0:01:06]} Nf6
{[%clk 0:00:07]} 36. Be6 {[%clk 0:01:05]} Qc7 {[%clk 0:00:05]} 37. Bxf5
{[%clk 0:00:57]} Qc1+ {[%clk 0:00:06]} 38. Be1 {[%clk 0:00:58]} Rh5
{[%clk 0:00:06]} 39. g4 {[%clk 0:00:52]} Rh4 {[%clk 0:00:04]} 40. g5
{[%clk 0:00:52]} Ng8 {[%clk 0:00:05]} 41. Re8 {[%clk 0:00:48]} Rxe8
{[%clk 0:00:04]} 42. Qxe8 {[%clk 0:00:49]} Rxf4 43. Bd3 {[%clk 0:00:31]} Rxd4
{[%clk 0:00:07]} 44. Bf1 {[%clk 0:00:17]} Rd1 {[%clk 0:00:08]} 45. Kf2
{[%clk 0:00:15]} Qxg5 {[%clk 0:00:05]} 46. Bc3 {[%clk 0:00:15]} Qc5+
{[%clk 0:00:03]} 47. Ke2 {[%clk 0:00:15]} Rd6 {[%clk 0:00:00]} 1-0

[Event "Blitz 2018"]
[Site "Saint-Petersburg"]
[Date "2018.12.29"]
[Round "7"]
[Board "54"]
[White "Tang Andrew (USA)"]
[Black "Sychev Klementy (RUS)"]
[Result "1-0"]
[LiveChessVersion "1.4.8"]
[BlackElo "2594"]
[WhiteElo "2501"]

1. d4 {[%clk 0:03:03]} Nf6 {[%clk 0:03:04]} 2. c4 {[%clk 0:03:04]} g6
{[%clk 0:03:05]} 3. f3 {[%clk 0:03:05]} Nc6 {[%clk 0:03:00]} 4. d5
{[%clk 0:03:05]} Ne5 {[%clk 0:03:01]} 5. e4 {[%clk 0:03:06]} d6 {[%clk 0:03:02]}
6. Nc3 {[%clk 0:03:06]} Bg7 {[%clk 0:03:02]} 7. f4 {[%clk 0:02:57]} Ned7
{[%clk 0:03:03]} 8. Nh3 {[%clk 0:02:58]} O-O {[%clk 0:03:03]} 9. Be2
{[%clk 0:02:59]} Nc5 {[%clk 0:03:03]} 10. Nf2 {[%clk 0:02:59]} e5
{[%clk 0:03:04]} 11. dxe6 {[%clk 0:02:45]} fxe6 {[%clk 0:03:04]} 12. O-O
{[%clk 0:02:44]} e5 {[%clk 0:02:27]} 13. Be3 {[%clk 0:02:30]} exf4
{[%clk 0:02:22]} 14. Bxf4 {[%clk 0:02:30]} Re8 {[%clk 0:02:12]} 15. Qc2
{[%clk 0:02:18]} Be6 {[%clk 0:02:08]} 16. Rae1 {[%clk 0:02:18]} Nfd7
{[%clk 0:02:04]} 17. b4 {[%clk 0:02:15]} Na6 {[%clk 0:02:04]} 18. a3
{[%clk 0:02:14]} Rf8 {[%clk 0:02:06]} 19. Be3 {[%clk 0:02:14]} c6
{[%clk 0:02:00]} 20. Rd1 {[%clk 0:02:06]} Qe7 {[%clk 0:02:00]} 21. Nb1
{[%clk 0:01:57]} Rf7 {[%clk 0:01:39]} 22. Nd2 {[%clk 0:01:56]} Nc7
{[%clk 0:01:33]} 23. Nf3 {[%clk 0:01:56]} a6 {[%clk 0:01:14]} 24. Ng5
{[%clk 0:01:54]} Rff8 {[%clk 0:01:11]} 25. Nxe6 {[%clk 0:01:53]} Nxe6
{[%clk 0:01:10]} 26. Qd2 {[%clk 0:01:51]} Rfe8 {[%clk 0:00:34]} 27. c5
{[%clk 0:01:45]} Ne5 {[%clk 0:00:17]} 28. cxd6 {[%clk 0:01:46]} Qd7
{[%clk 0:00:19]} 29. Nh3 {[%clk 0:01:43]} Rf8 {[%clk 0:00:19]} 30. Nf4
{[%clk 0:01:33]} Nxf4 {[%clk 0:00:17]} 31. Bxf4 {[%clk 0:01:33]} Rad8
{[%clk 0:00:17]} 32. Bg5 {[%clk 0:01:32]} Rxf1+ {[%clk 0:00:17]} 33. Rxf1
{[%clk 0:01:29]} Re8 {[%clk 0:00:13]} 34. Qa2+ {[%clk 0:01:25]} Kh8
{[%clk 0:00:14]} 35. Be7 {[%clk 0:01:26]} Rxe7 {[%clk 0:00:11]} 36. dxe7
{[%clk 0:01:27]} Qxe7 {[%clk 0:00:12]} 37. Qd2 {[%clk 0:01:28]} h5
{[%clk 0:00:12]} 38. Bd1 {[%clk 0:01:25]} Qh4 {[%clk 0:00:09]} 39. Qf4
{[%clk 0:01:23]} Qd8 {[%clk 0:00:09]} 40. Bb3 {[%clk 0:00:49]} a5
{[%clk 0:00:10]} 41. Rd1 {[%clk 0:00:47]} Qe7 {[%clk 0:00:10]} 42. bxa5
{[%clk 0:00:43]} Ng4 {[%clk 0:00:05]} 43. Qb8+ {[%clk 0:00:31]} Kh7
{[%clk 0:00:05]} 44. Bg8+ {[%clk 0:00:31]} Kh8 {[%clk 0:00:03]} 45. Be6+
{[%clk 0:00:31]} Kh7 {[%clk 0:00:04]} 46. Bxg4 {[%clk 0:00:32]} hxg4
{[%clk 0:00:05]} 47. Qf4 {[%clk 0:00:31]} Qxa3 {[%clk 0:00:04]} 48. Qxg4
{[%clk 0:00:29]} Qxa5 {[%clk 0:00:05]} 49. h4 {[%clk 0:00:29]} Qe5
{[%clk 0:00:05]} 50. Rd7 {[%clk 0:00:22]} b5 {[%clk 0:00:06]} 51. Qg5
{[%clk 0:00:22]} Qa1+ {[%clk 0:00:03]} 52. Kh2 {[%clk 0:00:23]} Qc3
{[%clk 0:00:04]} 53. e5 {[%clk 0:00:23]} b4 {[%clk 0:00:03]} 54. Qf6
{[%clk 0:00:22]} 1-0

[Event "Blitz 2018"]
[Site "Saint-Petersburg"]
[Date "2018.12.29"]
[Round "7"]
[Board "55"]
[White "Gordievsky Dmitry (RUS)"]
[Black "Usmanov Vasily (RUS)"]
[Result "1/2-1/2"]
[LiveChessVersion "1.4.8"]
[BlackElo "2459"]
[WhiteElo "2591"]

1. Nf3 {[%clk 0:03:03]} d5 {[%clk 0:03:02]} 2. e3 {[%clk 0:03:04]} Bg4
{[%clk 0:03:02]} 3. c4 {[%clk 0:03:05]} dxc4 {[%clk 0:03:03]} 4. Bxc4
{[%clk 0:03:02]} e6 {[%clk 0:03:05]} 5. O-O {[%clk 0:02:46]} Nf6 {[%clk 0:03:05]}
6. b3 {[%clk 0:02:35]} a6 {[%clk 0:03:03]} 7. Bb2 {[%clk 0:02:34]} Nc6
{[%clk 0:03:00]} 8. d4 {[%clk 0:02:28]} Bd6 {[%clk 0:03:00]} 9. h3
{[%clk 0:02:26]} Bh5 {[%clk 0:03:01]} 10. Nbd2 {[%clk 0:02:27]} O-O
{[%clk 0:03:01]} 11. Qc2 {[%clk 0:02:20]} Bg6 {[%clk 0:02:54]} 12. e4
{[%clk 0:02:11]} Qe7 {[%clk 0:02:30]} 13. a3 {[%clk 0:02:12]} e5 {[%clk 0:02:28]}
14. d5 {[%clk 0:02:04]} Na5 {[%clk 0:02:22]} 15. Bd3 {[%clk 0:02:04]} b5
{[%clk 0:02:07]} 16. b4 {[%clk 0:01:38]} Nb7 {[%clk 0:02:01]} 17. Qc6
{[%clk 0:01:39]} Ra7 {[%clk 0:01:57]} 18. Rfe1 {[%clk 0:01:26]} Rb8
{[%clk 0:01:58]} 19. Nb3 {[%clk 0:01:15]} Nd7 {[%clk 0:01:53]} 20. Qc2
{[%clk 0:01:09]} f6 {[%clk 0:01:47]} 21. Rac1 {[%clk 0:01:09]} Nb6
{[%clk 0:01:48]} 22. Nc5 {[%clk 0:01:02]} Nd7 {[%clk 0:01:34]} 23. Nxd7
{[%clk 0:00:50]} Qxd7 {[%clk 0:01:35]} 24. Qe2 {[%clk 0:00:50]} Nd8
{[%clk 0:01:25]} 25. Nd2 {[%clk 0:00:45]} a5 {[%clk 0:01:24]} 26. bxa5
{[%clk 0:00:33]} Rxa5 {[%clk 0:01:24]} 27. Nb3 {[%clk 0:00:34]} Raa8
{[%clk 0:01:14]} 28. Nc5 {[%clk 0:00:33]} Qe7 {[%clk 0:01:14]} 29. Qc2
{[%clk 0:00:28]} Kh8 {[%clk 0:00:57]} 30. Qc3 {[%clk 0:00:24]} Nb7
{[%clk 0:00:51]} 31. Ne6 {[%clk 0:00:20]} b4 {[%clk 0:00:46]} 32. axb4
{[%clk 0:00:21]} Bxb4 {[%clk 0:00:47]} 33. Qxc7 {[%clk 0:00:22]} Qxc7
{[%clk 0:00:47]} 34. Nxc7 {[%clk 0:00:23]} Bxe1 {[%clk 0:00:45]} 35. Nxa8 Rxa8
{[%clk 0:00:28]} 36. Rxe1 Nc5 37. Bb1 {[%clk 0:00:12]} h5 {[%clk 0:00:24]} 38. f3
{[%clk 0:00:13]} Rb8 {[%clk 0:00:21]} 39. Ba3 {[%clk 0:00:13]} Na4
{[%clk 0:00:20]} 40. Be7 {[%clk 0:00:13]} Nc3 {[%clk 0:00:20]} 41. Bd3
{[%clk 0:00:10]} Nxd5 {[%clk 0:00:20]} 42. exd5 {[%clk 0:00:11]} Bxd3
{[%clk 0:00:21]} 43. d6 {[%clk 0:00:10]} Bf5 {[%clk 0:00:21]} 44. Rc1
{[%clk 0:00:11]} Rb7 {[%clk 0:00:22]} 45. h4 {[%clk 0:00:06]} Kg8
{[%clk 0:00:22]} 46. Rc7 {[%clk 0:00:05]} Rxc7 {[%clk 0:00:17]} 47. dxc7
{[%clk 0:00:06]} Kf7 {[%clk 0:00:18]} 48. Bd6 {[%clk 0:00:07]} Ke8
{[%clk 0:00:17]} 49. Kf2 {[%clk 0:00:06]} Be6 {[%clk 0:00:15]} 50. Ke3
{[%clk 0:00:06]} Kd7 {[%clk 0:00:16]} 51. Bf8 {[%clk 0:00:07]} g5
{[%clk 0:00:15]} 52. hxg5 {[%clk 0:00:05]} fxg5 {[%clk 0:00:16]} 53. Bg7
{[%clk 0:00:06]} Kxc7 {[%clk 0:00:17]} 54. Bxe5+ 1/2-1/2

[Event "Blitz 2018"]
[Site "Saint-Petersburg"]
[Date "2018.12.29"]
[Round "7"]
[Board "56"]
[White "Reshetnikov Alexey (RUS)"]
[Black "Pantsulaia Levan (GEO)"]
[Result "1/2-1/2"]
[LiveChessVersion "1.4.8"]
[BlackElo "2584"]
[WhiteElo "2473"]

1. b3 {[%clk 0:03:03]} d5 {[%clk 0:02:59]} 2. Bb2 {[%clk 0:03:04]} c6
{[%clk 0:02:58]} 3. e3 {[%clk 0:03:05]} Nf6 {[%clk 0:02:56]} 4. Nf3
{[%clk 0:03:06]} Bg4 {[%clk 0:02:56]} 5. Be2 {[%clk 0:03:03]} e6 {[%clk 0:02:56]}
6. c4 {[%clk 0:02:59]} Nbd7 {[%clk 0:02:57]} 7. O-O {[%clk 0:02:53]} Bd6
{[%clk 0:02:58]} 8. h3 {[%clk 0:02:47]} Bh5 {[%clk 0:02:58]} 9. d4
{[%clk 0:02:44]} O-O {[%clk 0:02:57]} 10. Ba3 {[%clk 0:02:39]} Bxa3
{[%clk 0:02:54]} 11. Nxa3 {[%clk 0:02:40]} Qa5 {[%clk 0:02:47]} 12. Nb1
{[%clk 0:02:30]} Ne4 {[%clk 0:02:47]} 13. Qe1 {[%clk 0:02:26]} Qd8
{[%clk 0:02:32]} 14. Nfd2 {[%clk 0:02:18]} Bxe2 {[%clk 0:02:32]} 15. Qxe2
{[%clk 0:02:19]} Nd6 {[%clk 0:02:28]} 16. Nc3 {[%clk 0:02:18]} Qa5
{[%clk 0:02:28]} 17. Rac1 {[%clk 0:02:07]} b5 {[%clk 0:02:25]} 18. Rc2
{[%clk 0:01:49]} Rfe8 {[%clk 0:02:01]} 19. Rfc1 {[%clk 0:01:44]} h6
{[%clk 0:02:02]} 20. Nd1 {[%clk 0:01:29]} a6 {[%clk 0:02:00]} 21. Nc3
{[%clk 0:01:15]} Nf5 {[%clk 0:02:00]} 22. Qd3 {[%clk 0:01:12]} Nf6
{[%clk 0:01:52]} 23. Ne2 {[%clk 0:00:52]} Rad8 {[%clk 0:01:42]} 24. Qc3
{[%clk 0:00:51]} b4 {[%clk 0:01:27]} 25. Qb2 {[%clk 0:00:50]} Qb6
{[%clk 0:01:14]} 26. Nf4 {[%clk 0:00:49]} a5 {[%clk 0:01:14]} 27. Nd3
{[%clk 0:00:48]} Qa7 {[%clk 0:01:01]} 28. a3 {[%clk 0:00:49]} Qe7
{[%clk 0:00:56]} 29. axb4 {[%clk 0:00:49]} axb4 {[%clk 0:00:57]} 30. cxd5
{[%clk 0:00:49]} Nxd5 {[%clk 0:00:50]} 31. Rxc6 {[%clk 0:00:38]} Nc3
{[%clk 0:00:51]} 32. Ra1 {[%clk 0:00:37]} Nh4 {[%clk 0:00:39]} 33. g3
{[%clk 0:00:21]} Qb7 {[%clk 0:00:34]} 34. Raa6 {[%clk 0:00:19]} Rc8
{[%clk 0:00:33]} 35. Rab6 {[%clk 0:00:09]} Qa8 36. Ra6 Qb7 37. Rab6 Qa8
{[%clk 0:00:25]} 38. Ra6 {[%clk 0:00:14]} Qb7 39. Rab6 Qa8 1/2-1/2

[Event "Blitz 2018"]
[Site "Saint-Petersburg"]
[Date "2018.12.29"]
[Round "7"]
[Board "57"]
[White "Khusnutdinov Rustam (KAZ)"]
[Black "Dzhumagaliev Yan (RUS)"]
[Result "1/2-1/2"]
[LiveChessVersion "1.4.8"]
[BlackElo "2489"]
[WhiteElo "2582"]

1. Nc3 {[%clk 0:03:03]} d5 {[%clk 0:03:02]} 2. e4 {[%clk 0:03:05]} c6
{[%clk 0:03:04]} 3. d4 {[%clk 0:03:04]} h5 {[%clk 0:02:58]} 4. Nf3
{[%clk 0:02:45]} h4 {[%clk 0:02:59]} 5. exd5 {[%clk 0:02:30]} cxd5
{[%clk 0:03:00]} 6. h3 {[%clk 0:02:31]} Nf6 {[%clk 0:02:56]} 7. Ne5
{[%clk 0:02:32]} a6 {[%clk 0:02:55]} 8. Bg5 {[%clk 0:02:27]} Bf5 {[%clk 0:02:38]}
9. Bd3 {[%clk 0:02:24]} Bxd3 {[%clk 0:02:28]} 10. Qxd3 {[%clk 0:02:25]} e6
{[%clk 0:02:29]} 11. Nf3 {[%clk 0:02:24]} Nc6 {[%clk 0:02:09]} 12. O-O
{[%clk 0:02:13]} Qb6 {[%clk 0:02:03]} 13. Rab1 {[%clk 0:02:13]} Be7
{[%clk 0:01:57]} 14. Rfd1 {[%clk 0:02:14]} Nd7 {[%clk 0:01:52]} 15. Qe3
{[%clk 0:02:07]} Qd8 {[%clk 0:01:40]} 16. Bxe7 {[%clk 0:01:50]} Qxe7
{[%clk 0:01:39]} 17. Re1 {[%clk 0:01:51]} Nb6 {[%clk 0:01:28]} 18. Ne2
{[%clk 0:01:53]} Nc4 {[%clk 0:01:26]} 19. Qd3 {[%clk 0:01:38]} Qf6
{[%clk 0:01:17]} 20. c3 {[%clk 0:01:39]} Nd6 {[%clk 0:01:13]} 21. Qe3
{[%clk 0:01:35]} Qh6 {[%clk 0:01:01]} 22. Nf4 {[%clk 0:01:31]} Nf5
{[%clk 0:01:01]} 23. Qd2 {[%clk 0:01:32]} O-O {[%clk 0:00:57]} 24. Rbd1
{[%clk 0:01:31]} Rac8 {[%clk 0:00:52]} 25. Nd3 {[%clk 0:01:32]} Qxd2
{[%clk 0:00:52]} 26. Rxd2 {[%clk 0:01:33]} b6 {[%clk 0:00:50]} 27. Nh2
{[%clk 0:01:25]} Rfe8 {[%clk 0:00:49]} 28. Ng4 {[%clk 0:01:26]} f6
{[%clk 0:00:50]} 29. Rde2 {[%clk 0:01:24]} Kf7 {[%clk 0:00:52]} 30. Nf4
{[%clk 0:01:25]} g5 {[%clk 0:00:25]} 31. Nd3 {[%clk 0:00:56]} Re7
{[%clk 0:00:21]} 32. Kf1 {[%clk 0:00:56]} Na5 {[%clk 0:00:20]} 33. Ne3
{[%clk 0:00:51]} Nxe3+ {[%clk 0:00:20]} 34. fxe3 {[%clk 0:00:53]} f5
{[%clk 0:00:18]} 35. Ne5+ {[%clk 0:00:53]} Kg7 {[%clk 0:00:18]} 36. Kf2
{[%clk 0:00:50]} Nc4 {[%clk 0:00:18]} 37. Nxc4 {[%clk 0:00:48]} Rxc4
{[%clk 0:00:20]} 38. g3 {[%clk 0:00:50]} hxg3+ {[%clk 0:00:20]} 39. Kxg3
{[%clk 0:00:51]} Kf6 {[%clk 0:00:21]} 40. Rh1 {[%clk 0:00:45]} Rh7
{[%clk 0:00:21]} 1/2-1/2

[Event "Blitz 2018"]
[Site "Saint-Petersburg"]
[Date "2018.12.29"]
[Round "7"]
[Board "58"]
[White "Zablotsky Sergei (RUS)"]
[Black "Gareyev Timur (USA)"]
[Result "1/2-1/2"]
[LiveChessVersion "1.4.8"]
[BlackElo "2577"]
[WhiteElo "2459"]

1. Nf3 {[%clk 0:03:03]} Nf6 {[%clk 0:02:59]} 2. g3 {[%clk 0:02:59]} b5
{[%clk 0:03:00]} 3. Bg2 {[%clk 0:02:59]} Bb7 {[%clk 0:03:01]} 4. O-O
{[%clk 0:03:00]} a6 {[%clk 0:02:58]} 5. a4 {[%clk 0:02:45]} Nc6 {[%clk 0:02:49]}
6. d4 {[%clk 0:02:41]} e6 {[%clk 0:02:49]} 7. Ne5 {[%clk 0:02:29]} Be7
{[%clk 0:02:10]} 8. Re1 {[%clk 0:01:53]} d5 {[%clk 0:02:12]} 9. Nxc6
{[%clk 0:01:35]} Bxc6 {[%clk 0:02:12]} 10. axb5 {[%clk 0:01:30]} axb5
{[%clk 0:02:13]} 11. Rxa8 {[%clk 0:01:31]} Qxa8 {[%clk 0:02:15]} 12. Bf4
{[%clk 0:01:31]} Qa7 {[%clk 0:01:53]} 13. Qd3 {[%clk 0:01:19]} O-O
{[%clk 0:01:49]} 14. Nd2 {[%clk 0:01:08]} b4 {[%clk 0:01:45]} 15. e4
{[%clk 0:00:45]} dxe4 {[%clk 0:01:42]} 16. Nxe4 {[%clk 0:00:46]} Bxe4
{[%clk 0:01:42]} 17. Bxe4 {[%clk 0:00:46]} c5 {[%clk 0:01:43]} 18. dxc5
{[%clk 0:00:30]} Bxc5 {[%clk 0:01:33]} 19. Be3 {[%clk 0:00:22]} Bxe3
{[%clk 0:01:31]} 20. Rxe3 {[%clk 0:00:23]} Qa1+ {[%clk 0:01:29]} 21. Kg2
{[%clk 0:00:22]} Qxb2 {[%clk 0:01:30]} 22. Qc4 {[%clk 0:00:20]} g6
{[%clk 0:00:49]} 23. Bf3 {[%clk 0:00:21]} Rd8 {[%clk 0:00:29]} 24. Rb3
{[%clk 0:00:18]} Qe5 {[%clk 0:00:12]} 25. Rxb4 {[%clk 0:00:18]} h5
{[%clk 0:00:13]} 26. h4 {[%clk 0:00:19]} Kg7 {[%clk 0:00:13]} 27. Rb7
{[%clk 0:00:17]} Qd6 {[%clk 0:00:11]} 28. Qc7 {[%clk 0:00:17]} Qxc7
{[%clk 0:00:10]} 29. Rxc7 {[%clk 0:00:18]} Nd5 {[%clk 0:00:10]} 30. Rc5
{[%clk 0:00:18]} Nb4 {[%clk 0:00:11]} 31. Rc4 {[%clk 0:00:15]} Rb8
{[%clk 0:00:08]} 32. Be4 {[%clk 0:00:14]} Nd5 {[%clk 0:00:08]} 33. Rc5
{[%clk 0:00:12]} Rb2 {[%clk 0:00:08]} 34. Bxd5 {[%clk 0:00:08]} exd5
{[%clk 0:00:09]} 35. Rxd5 {[%clk 0:00:09]} 1/2-1/2

[Event "Blitz 2018"]
[Site "Saint-Petersburg"]
[Date "2018.12.29"]
[Round "7"]
[Board "59"]
[White "Khanin Semen (RUS)"]
[Black "Iljiushenok Ilia (RUS)"]
[Result "1-0"]
[LiveChessVersion "1.4.8"]
[BlackElo "2467"]
[WhiteElo "2564"]

1. e4 {[%clk 0:03:03]} e5 {[%clk 0:03:03]} 2. Nf3 {[%clk 0:03:04]} Nc6
{[%clk 0:03:04]} 3. Bc4 {[%clk 0:03:02]} Nf6 {[%clk 0:03:03]} 4. d3
{[%clk 0:03:03]} Bc5 {[%clk 0:03:06]} 5. O-O {[%clk 0:03:01]} d6 {[%clk 0:03:07]}
6. c3 {[%clk 0:02:56]} a6 {[%clk 0:03:07]} 7. Nbd2 {[%clk 0:02:54]} O-O
{[%clk 0:03:04]} 8. Bb3 {[%clk 0:02:55]} Ba7 {[%clk 0:02:55]} 9. h3
{[%clk 0:02:55]} Ne7 {[%clk 0:02:45]} 10. Re1 {[%clk 0:02:37]} Ng6
{[%clk 0:02:46]} 11. Nf1 {[%clk 0:02:37]} h6 {[%clk 0:02:08]} 12. Ng3
{[%clk 0:02:38]} Be6 {[%clk 0:02:04]} 13. d4 {[%clk 0:02:32]} Re8
{[%clk 0:01:56]} 14. Bc2 {[%clk 0:02:25]} c6 {[%clk 0:01:45]} 15. Be3
{[%clk 0:02:26]} Qc7 {[%clk 0:01:15]} 16. Qd2 {[%clk 0:02:23]} Rad8
{[%clk 0:01:15]} 17. Nf5 {[%clk 0:01:54]} Bxf5 {[%clk 0:00:28]} 18. exf5
{[%clk 0:01:55]} Nf8 {[%clk 0:00:28]} 19. Bxh6 {[%clk 0:01:40]} gxh6
{[%clk 0:00:24]} 20. Qxh6 {[%clk 0:01:40]} N8h7 {[%clk 0:00:25]} 21. Ng5
{[%clk 0:01:38]} e4 {[%clk 0:00:14]} 22. Nxh7 {[%clk 0:01:33]} Nxh7
{[%clk 0:00:13]} 23. f6 {[%clk 0:01:32]} Nxf6 {[%clk 0:00:12]} 24. Re3
{[%clk 0:01:01]} Ng4 {[%clk 0:00:09]} 25. Qg5+ {[%clk 0:00:29]} Kf8
{[%clk 0:00:09]} 26. hxg4 {[%clk 0:00:29]} Re6 {[%clk 0:00:05]} 27. Rh3
{[%clk 0:00:26]} Ke8 {[%clk 0:00:03]} 28. Rh7 {[%clk 0:00:15]} 1-0

[Event "Blitz 2018"]
[Site "Saint-Petersburg"]
[Date "2018.12.29"]
[Round "7"]
[Board "60"]
[White "Drygalov Sergey (RUS)"]
[Black "Gabrielian Artur (RUS)"]
[Result "1-0"]
[LiveChessVersion "1.4.8"]
[BlackElo "2562"]
[WhiteElo "2428"]

1. Nf3 {[%clk 0:03:02]} c5 {[%clk 0:03:04]} 2. e4 {[%clk 0:03:02]} d6
{[%clk 0:03:04]} 3. d4 {[%clk 0:03:02]} cxd4 {[%clk 0:03:05]} 4. Nxd4
{[%clk 0:03:04]} Nf6 {[%clk 0:03:06]} 5. Nc3 {[%clk 0:03:05]} Nc6
{[%clk 0:03:07]} 6. Bg5 {[%clk 0:03:05]} e6 {[%clk 0:03:08]} 7. Qd2
{[%clk 0:03:05]} a6 {[%clk 0:03:09]} 8. O-O-O {[%clk 0:03:01]} Bd7
{[%clk 0:03:10]} 9. f4 {[%clk 0:02:51]} Be7 {[%clk 0:03:11]} 10. Kb1
{[%clk 0:02:22]} b5 {[%clk 0:03:02]} 11. Bxf6 {[%clk 0:02:14]} Bxf6
{[%clk 0:02:21]} 12. Nxc6 {[%clk 0:01:59]} Bxc6 {[%clk 0:02:22]} 13. Qxd6
{[%clk 0:02:00]} Qxd6 {[%clk 0:02:23]} 14. Rxd6 {[%clk 0:02:00]} Rc8
{[%clk 0:02:24]} 15. e5 {[%clk 0:01:31]} Be7 {[%clk 0:02:25]} 16. Rd2
{[%clk 0:01:26]} g5 {[%clk 0:02:25]} 17. Bd3 {[%clk 0:00:40]} gxf4
{[%clk 0:02:23]} 18. Rf2 {[%clk 0:00:40]} Rg8 {[%clk 0:01:59]} 19. Ne4
{[%clk 0:00:34]} Bxe4 {[%clk 0:01:40]} 20. Bxe4 {[%clk 0:00:35]} Rc5
{[%clk 0:01:37]} 21. Rxf4 {[%clk 0:00:18]} Rxe5 {[%clk 0:01:38]} 22. Rd1
{[%clk 0:00:15]} f5 {[%clk 0:01:14]} 23. Bb7 {[%clk 0:00:16]} a5 {[%clk 0:01:02]}
24. a3 {[%clk 0:00:16]} b4 {[%clk 0:01:02]} 25. a4 {[%clk 0:00:16]} Kf7
{[%clk 0:01:02]} 26. Bf3 {[%clk 0:00:13]} Kf6 {[%clk 0:00:58]} 27. g4
{[%clk 0:00:10]} Re3 {[%clk 0:00:49]} 28. gxf5 {[%clk 0:00:07]} e5
{[%clk 0:00:40]} 29. Rg4 {[%clk 0:00:08]} Rxg4 {[%clk 0:00:26]} 30. Bxg4
{[%clk 0:00:10]} Bc5 {[%clk 0:00:18]} 31. h3 {[%clk 0:00:10]} Bd4
{[%clk 0:00:19]} 32. Rd3 {[%clk 0:00:07]} Re1+ {[%clk 0:00:17]} 33. Ka2
{[%clk 0:00:09]} Kg5 {[%clk 0:00:15]} 34. c3 {[%clk 0:00:09]} bxc3
{[%clk 0:00:15]} 35. bxc3 {[%clk 0:00:10]} Bf2 {[%clk 0:00:16]} 36. Rd8
{[%clk 0:00:11]} e4 {[%clk 0:00:16]} 37. Rg8+ {[%clk 0:00:11]} Kf4
{[%clk 0:00:17]} 38. f6 {[%clk 0:00:11]} Bc5 {[%clk 0:00:10]} 39. f7
{[%clk 0:00:12]} 1-0

[Event "Blitz 2018"]
[Site "Saint-Petersburg"]
[Date "2018.12.29"]
[Round "7"]
[Board "61"]
[White "Frolyanov Dmitry (RUS)"]
[Black "Makoveev Ilya (RUS)"]
[Result "1-0"]
[LiveChessVersion "1.4.8"]
[BlackElo "2243"]
[WhiteElo "2557"]

1. e4 {[%clk 0:03:03]} c5 {[%clk 0:03:02]} 2. Nf3 {[%clk 0:03:04]} d6
{[%clk 0:03:03]} 3. d4 {[%clk 0:03:05]} cxd4 {[%clk 0:03:04]} 4. Nxd4
{[%clk 0:03:06]} Nf6 {[%clk 0:03:04]} 5. Nc3 {[%clk 0:03:07]} a6 {[%clk 0:03:05]}
6. Be3 {[%clk 0:03:07]} e5 {[%clk 0:03:05]} 7. Nf3 {[%clk 0:03:08]} Be7
{[%clk 0:03:04]} 8. Bc4 {[%clk 0:03:08]} O-O {[%clk 0:03:03]} 9. O-O
{[%clk 0:03:07]} Be6 {[%clk 0:03:03]} 10. Bb3 {[%clk 0:03:06]} Nc6
{[%clk 0:02:45]} 11. Qe2 {[%clk 0:03:02]} Rc8 {[%clk 0:02:44]} 12. Rfd1
{[%clk 0:03:00]} Nd7 {[%clk 0:02:25]} 13. Nd5 {[%clk 0:02:57]} Bxd5
{[%clk 0:01:32]} 14. Bxd5 {[%clk 0:02:56]} Nf6 {[%clk 0:01:28]} 15. Bxc6
{[%clk 0:02:48]} bxc6 {[%clk 0:01:22]} 16. Nxe5 {[%clk 0:02:48]} Nxe4
{[%clk 0:01:21]} 17. Qxa6 {[%clk 0:02:40]} Qe8 {[%clk 0:00:37]} 18. Nf3
{[%clk 0:02:36]} Bf6 {[%clk 0:00:36]} 19. Bd4 {[%clk 0:02:28]} Bxd4
{[%clk 0:00:33]} 20. Nxd4 {[%clk 0:02:28]} Qe5 {[%clk 0:00:25]} 21. Nxc6
{[%clk 0:02:09]} Qf6 {[%clk 0:00:18]} 22. f3 {[%clk 0:01:28]} Nc5
{[%clk 0:00:18]} 23. Qb5 {[%clk 0:01:27]} Rfe8 {[%clk 0:00:06]} 24. Nd4
{[%clk 0:01:28]} Rb8 {[%clk 0:00:05]} 25. Qc6 {[%clk 0:01:01]} Rec8
{[%clk 0:00:04]} 26. Qd5 {[%clk 0:00:55]} Rxb2 {[%clk 0:00:04]} 27. a4
{[%clk 0:00:52]} Rb4 {[%clk 0:00:04]} 28. a5 {[%clk 0:00:50]} h6 {[%clk 0:00:03]}
29. a6 {[%clk 0:00:49]} Rbb8 {[%clk 0:00:03]} 30. a7 {[%clk 0:00:44]} Ra8
{[%clk 0:00:04]} 31. Nb5 {[%clk 0:00:45]} Qb2 {[%clk 0:00:03]} 32. Nc7
{[%clk 0:00:38]} Rxc7 {[%clk 0:00:03]} 33. Qxa8+ Kh7 34. Qd5 {[%clk 0:00:35]}
Rxa7 {[%clk 0:00:03]} 35. Rxa7 {[%clk 0:00:30]} Qxc2 {[%clk 0:00:03]} 36. Raa1
{[%clk 0:00:23]} Ne6 {[%clk 0:00:03]} 37. Qd3+ {[%clk 0:00:22]} 1-0